000 00510cam a22001812a 4500
001 000579
003 AR-FADEU
008 311216n1966####xxu####################dd
092 _aD346.8
_bM924
100 _aMouchet, Carlos
245 _aLos derechos de los autores e intérpretes de obras literarias y artísticas
260 _aBuenos Aires
260 _bAbeledo Perrot
260 _c1966
300 _a156 p.
650 _aDERECHOS DE AUTOR; DERECHOS DE ARTISTAS; PROPIEDAD INTELECTUAL
942 _cBDGR
999 _c6420
_d6420